| 000 | 00841cam a2200217 4500 | ||
|---|---|---|---|
| 001 | ABS62064 | ||
| 008 | 000000n2000 000 0 eng u | ||
| 035 | _a(Sirsi) u105009 | ||
| 100 | _aBrewer, G. | ||
| 245 | _aOral agreements fail adjudication criteria | ||
| 260 | _c2000 | ||
| 490 |
_aContract Journal _v402(6269) 22 March 2000, 27(1) |
||
| 520 | _aExamines the particular issues that arise when adjudication is required in the case of oral agreements. | ||
| 590 | _aABS | ||
| 650 | _aMANAGEMENT-DISPUTE AVOIDANCE, MANAGEMENT AND RESOLUTION-DISPUTE MANAGEMENT AND RESOLUTION-ALTERNATIVE DISPUTE RESOLUTION-ADJUDICATION | ||
| 650 | _aBUILT ENVIRONMENT-BUILDING CONTRACT FORMS | ||
| 650 | _aORAL AGREEMENT | ||
| 650 | _aHOUSING GRANTS CONSTRUCTION AND REGENERATION ACT 1996 | ||
| 690 |
_aDispute resolution _96236 |
||
| 942 | _n0 | ||
| 999 |
_c62983 _d62983 |
||